00485nam a2200193Ia 4500008004100000020001800041050001100059050001500070100002000085245001700105245002000122260002300142260002500165260000900190300001500199300002700214300001600241440003400257170203s9999 xx 000 0 und d a9781595662514 a591.47 b.J54c 2004 aJennings, Terry aCamouflage / cTerry Jennings. aLaguna Hills, CA : bQEB Publishing. Inc. c2006 a24 pages : bcolor illustrations ;  c22 x 24 cm. aQEB start reading and talking